Statistics for Famous Muslims

Click here to take the quiz!

General Stats

  • This quiz has been taken 14,226 times
    (10,692 since last reset)
  • The average score is 10 of 20

Answer Stats

ClueAnswer% Correct
Founder of IslamMuhammad
98%
Boxer who beat Liston, Frazier,
and Foreman
Muhammad Ali
95%
Head of al-Qaeda, killed in 2011Osama Bin Laden
79%
Civil rights activist born Malcolm LittleMalcolm X
78%
Ear-biting boxerMike Tyson
70%
Former member of One DirectionZayn Malik
53%
Iranian Ayatollah, 1979-1989Ruhollah Khomeini
52%
Head-butting soccer player who won
a World Cup on Team France
Zinedine Zidane
52%
Female Prime Minister of Pakistan,
assassinated in 2007
Benazir Bhutto
44%
L.A. Lakers great known
for his sky hook
Kareem
Abdul-Jabbar
42%
Writer, born Muslim, who had a bounty
placed on his head by the above
Salman Rushdie
41%
PLO chairman, 1969-2004Yasser Arafat
41%
Singer-songwriter formerly known
as Cat Stevens
Yusuf Islam
36%
Chivalrous nemesis of the CrusadersSaladin
35%
Daughter of the above, wife of AliFatimah
34%
King of Saudi Arabia, 2005-2015King Abdullah
29%
Turkish-American heart surgeon
who appears on Oprah
Mehmet Oz
28%
President of Afghanistan, 2004-2014Hamid Karzai
21%
Founder of PakistanMuhammad Ali
Jinnah
19%
American-born Queen of JordanQueen Noor
14%

Score Distribution

Percentile by Number Answered

Percent of People with Each Score

Your Score History

You have not taken this quiz since the last reset